000
00220nam a22001097a 4500
020
_a
0521214505
082
_a
330.97.604 RAN
100
_a
RANSOM , R. L.
245
_a
ONE KIND OF FREEDOM
260
_a
1977
942
_c
BK
999
_c
14315
_d
14315